01475nam a2200229Ia 4500001000600000003000900006008004100015040001300056040001300069041001300082100001100095100002900106245002800135245002800163250001100191260001200202260004900214300005700263500087300320650002101193650003101214H8297IT-RoPAU130308s9999 xx 000 0 und d aIT-RoPAU cIT-RoPAU aITALIANO aAA.VV. gCodice Aut. SPICS: 12000 aSeicento a Bergamo (Il) bSeicento a Bergamo (Il) a1a ed. bCariplo c1987 [1° Ed.:1987 - Ed.Ling.Originale:1987] a"340 p. (prefazione: no ; testo: 340 [pagine: 0-0])" aCatalogo della mostra la Pittura del Seicento a Bergamo. Seicento a Bergamo di G.A. dell'Acqua. Aspetti della Situazione Religiosa Bergamasca Dalla visita Apostolica di San Carlo (1575) Alla Fine del Seicento di G. Zanchi. Tempi ed immagini della Controriforma Bergamasca di V. Guazzoni. Pittura veneziana del '600 a Bergamo di P. Zampetti. Presenze milanesi nella Pittura del Seicento a Bergamo e nel suo Territorio di S. Coppa. Aver Almeno Impedito che Bergamo fosse Raggiunta Dall'Ondata barocca (Il Caso S. Maria Maggiore) di F. Noris. Arte sacra e Committenza, Struttura gerarchica e Devozione Popolare di F. Rossi. Artisti Stranieri a Bergamo, tra Grande Decorazione Epittura di Genere di B.W. Meijer. Grande Decorazione di F. Noris. Natura morta a Bergamo, collezioni smo e Specializzazione di M. Rosci. Bibliografia a cura di C. Solza. indice Artisti e Luoghi. aSAGGI DI PITTURA eCodice materia Spics: 5211